Language Acquisition and Communicative Choice

Guardado en:
Bibliografiske detaljer
Hovedforfatter: Ervin-Tripp, Susan M.
Format: Bog
Sprog:Undetermined
Udgivet: Estados Unidos Stanford University Press 1973
Fag:
Tags: Tilføj Tag
Ingen Tags, Vær først til at tagge denne postø!

MARC

LEADER 00000nam a2200000Ia 4500
008 170316s9999 xx 000 0 und d
090 |a 410 E-5.1L 
100 |a Ervin-Tripp, Susan M. 
245 |a Language Acquisition and Communicative Choice 
260 |a Estados Unidos 
260 |b Stanford University Press 
260 |c 1973 
300 |a 383 páginas 
650 |a LINGÜÍSTICA 
040 |a cru BVZT 
942 0 0 |0 2 
999 |c 18360  |d 18360